| LDR | | 00000nam c2200205 k 4500 |
| 001 | | 000000341317 |
| 005 | | 20260429153456 |
| 007 | | ta |
| 008 | | 260407s2018 ulkad b 001a kor |
| 020 | |
▼a 9788999714771
▼g 93370 :
▼c \19000 |
| 040 | |
▼a 248032
▼c 248032
▼d 248032 |
| 049 | 0 |
▼l EM111954
▼v 2
▼l EM111955
▼v 2
▼c 2 |
| 056 | |
▼a 670.7
▼2 4 |
| 090 | |
▼a 670.7
▼b 한16ㅎ |
| 245 | 20 |
▼a 한국음악교육학회 학술총서.
▼n 2
▼p 음악교육연구방법의 이해 =
▼x Research Practice in Music Education /
▼d 한국음악교육학회 ;
▼e 주대창,
▼e 현경실,
▼e 민경훈,
▼e 양종모,
▼e 김용희,
▼e 조성기,
▼e 김지현,
▼e 권수미,
▼e 조대현,
▼e 박지현,
▼e 최진호,
▼e 임은정 공저 |
| 250 | |
▼a 1판 |
| 260 | |
▼a 서울 :
▼b 학지사,
▼c 2018 |
| 300 | |
▼a 322 p. :
▼b 삽화, 표 ;
▼c 26 cm |
| 490 | 10 |
▼a 한국음악교육학회 학술총서 ;
▼v 02 |
| 500 | |
▼a 한국음악교육학회 학술총서 |
| 504 | |
▼a 참고문헌 및 색인(p. 317-322) 수록 |
| 653 | |
▼a 음악교육
▼a 음악교육연구
▼a 연구윤리 |
| 700 | 1 |
▼a 주대창,
▼e 저 |
| 700 | 1 |
▼a 현경실,
▼e 공저 |
| 700 | 1 |
▼a 민경훈,
▼e 공저 |
| 700 | 1 |
▼a 양종모,
▼e 공저 |
| 700 | 1 |
▼a 김용희,
▼e 공저 |
| 700 | 1 |
▼a 조성기,
▼e 공저 |
| 700 | 1 |
▼a 김지현,
▼e 공저 |
| 700 | 1 |
▼a 권수미,
▼e 공저 |
| 700 | 1 |
▼a 조대현,
▼e 공저 |
| 700 | 1 |
▼a 박지현,
▼e 공저 |
| 700 | 1 |
▼a 최진호,
▼e 공저 |
| 700 | 1 |
▼a 임은정,
▼e 공저 |
| 710 | 2 |
▼a 한국음악교육학회 |
| 830 | |
▼a 한국음악교육학회 학술총서 ;
▼v 02 |
| 950 | 0 |
▼b \19000 |
| 990 | |
▼a 관리자2
▼b 관리자2 |